Methodology of research in social sciences / (Record no. 78739)

MARC details
000 -LEADER
fixed length control field 00584nam a22001937a 4500
005 - DATE AND TIME OF LATEST TRANSACTION
control field 20130829162639.0
010 ## - LCCN (DPL NO)
LC control number ENG-108350
020 ## - INTERNATIONAL STANDARD BOOK NUMBER
Terms of availability 298.00
International Standard Book Number 9789350975695
035 ## - SYSTEM CONTROL NUMBER
System control number EN-91883
037 ## - SOURCE OF ACQUISITION
Source of stock number/acquisition DBAD/PUB
082 ## - DEWEY DECIMAL CLASSIFICATION NUMBER
Classification number 300.072
100 ## - MAIN ENTRY--PERSONAL NAME
Personal name Krishnaswami, O.R.
245 ## - TITLE STATEMENT
Title Methodology of research in social sciences /
Statement of responsibility, etc by O.R. Krishnaswami [and] M. Ranganatham
260 ## - PUBLICATION, DISTRIBUTION, ETC. (IMPRINT)
Place of publication, distribution, etc Mumbai
Name of publisher, distributor, etc Himalaya Publishing House
Date of publication, distribution, etc 2013
270 ## - ADDRESS
Address Girgaon
City Mumbai
Postal code 400004
300 ## - PHYSICAL DESCRIPTION
Extent 445p.
Dimensions 24cm(pbk)
700 ## - ADDED ENTRY--PERSONAL NAME
Personal name Ranganatham, M.
942 ## - ADDED ENTRY ELEMENTS (KOHA)
Source of classification or shelving scheme Dewey Decimal Classification
Item type English Books
Call number suffix KRI
Classification part 300.072
Holdings
Withdrawn status Lost status Not for loan Collection code Home library Current library Date acquired Source of acquisition Cost, normal purchase price Full call number Barcode Copy number Cost, replacement price Koha item type
    Not For Loan Non-fiction D.B.Act.Division D.B.Act.Division 23/08/2013 DBAD / PUB 298.00 300.072 KRI EN-91883 1 298.00 English Books

© Delhi Public Library
Hit Counter
free hit counter